|
|
|
|
| LEADER |
00000nam a2200000 a 4500 |
| 005 |
20131010182756.0 |
| 007 |
cr cn||||||||| |
| 008 |
201205r2010 ck |||||s|||||||||||spa d |
| 020 |
|
|
|a 9789586486330
|
| 035 |
|
|
|a 11564
|
| 040 |
|
|
|a FlNmELB
|c FlNmELB
|d BUS
|d vLex
|
| 080 |
|
|
|a 657
|
| 082 |
0 |
4 |
|a 657
|2 22
|
| 090 |
|
|
|c 4552
|d 4552
|
| 100 |
1 |
|
|a Rincn̤ Soto, Carlos Augusto.
|
| 245 |
1 |
0 |
|a Estrategias para la enseąnza de la contabilidad
|h [Recurso electrn̤ico] /
|c Carlos Augusto Rincn̤ Soto, Jorge Eduardo Lemos de la Cruz, Samuel Alberto Sǹchez Cabrera.
|
| 250 |
|
|
|a 1a. ed.
|
| 256 |
|
|
|a Servicio en ln̕ea.
|
| 260 |
|
|
|a Bogot ̀:
|b Ecoe Ediciones,
|c 2010.
|
| 300 |
|
|
|a 1 recurso electrn̤ico
|
| 490 |
1 |
|
|a Ciencias administrativas, Administracin̤.
|
| 500 |
|
|
|a Datos biogrf̀icos de los autores en solapa.
|
| 506 |
1 |
|
|a Contenido solo disponible en los productos indicados
|d vLex Global
|d vLex Global (Academic Edition, excluding Law Schools)
|d vLex Global (U.S. Academic Edition, Law Schools)
|d vLex Global (U.S. Academic Edition, excluding Law Schools)
|d vLex Global (Academic Edition, Law Schools)
|
| 650 |
|
|
|a Contabilidad
|z Colombia
|
| 650 |
|
|
|a Enseąnza
|z Colombia
|
| 700 |
1 |
|
|a Lemos de la Cruz, Jorge Eduardo.
|
| 700 |
1 |
|
|a Sǹchez Cabrera, Samuel Alberto.
|
| 740 |
0 |
|
|a vLex Libros (Servicio en ln̕ea)
|
| 856 |
4 |
0 |
|u http://vlex.com/source/estrategias-para-la-ense-anza-la-contabilidad-11564
|z Acceso restringido
|
| 942 |
|
|
|c BOOK
|
| 999 |
0 |
|
|a Accounting
|
| 999 |
0 |
|
|a Teaching
|